| 000 | 00980nac a22002895i 4500 | ||
|---|---|---|---|
| 999 |
_c1446 _d1446 |
||
| 003 | EG-ScBUE | ||
| 005 | 20191201121728.0 | ||
| 008 | 130826s2003 enka f 001 0 eng d | ||
| 020 | _a1405007621 | ||
| 020 | _a9781405007627 | ||
| 040 |
_aEG-ScBUE _beng _erda _cEG-ScBUE _dEG-ScBUE |
||
| 082 | 0 | 4 |
_a428.24 _bVIN _222 |
| 100 | 1 |
_aVince, Michael, _eauthor. _933492 |
|
| 245 | 1 | 0 |
_aAdvanced language practice with key : _bEnglish grammar and vocabulary / _cMichael Vince, Peter Sunderland. |
| 264 | 1 |
_aOxford : _bMacmillan Education, _c2003. |
|
| 300 |
_aviii, 326 pages : _billustrations ; _c28 cm |
||
| 336 |
_2rdacontent _atext _btxt |
||
| 337 |
_2rdamedia _aunmediated _bn |
||
| 338 |
_2rdacarrier _avolume _bnc |
||
| 500 | _aIncludes index. | ||
| 590 | _areham | ||
| 650 | 7 |
_aEnglish language _xGrammar _xProblems, exercises, etc. _2BUEsh _933494 |
|
| 653 |
_bHHUUEENN _cJune2019 |
||
| 655 | _vReading book | ||
| 700 |
_aSunderland , Peter, _eauthor. _928409 |
||
| 942 |
_2ddc _cBB |
||